<?xml version="1.0" encoding="UTF-8"?>
<record
    xmlns:xsi="http://www.w3.org/2001/XMLSchema-instance"
    xsi:schemaLocation="http://www.loc.gov/MARC21/slim http://www.loc.gov/standards/marcxml/schema/MARC21slim.xsd"
    xmlns="http://www.loc.gov/MARC21/slim">

  <leader>00992nam a2200205 a 4500</leader>
  <controlfield tag="008">161215t2003    ag  |||g |||| 00| 1 spa d</controlfield>
  <datafield tag="020" ind1=" " ind2=" ">
    <subfield code="a">9504909760</subfield>
  </datafield>
  <datafield tag="041" ind1=" " ind2=" ">
    <subfield code="a">spa</subfield>
  </datafield>
  <datafield tag="092" ind1=" " ind2=" ">
    <subfield code="c">808.8</subfield>
    <subfield code="l">13</subfield>
    <subfield code="s">COE</subfield>
  </datafield>
  <datafield tag="100" ind1="1" ind2=" ">
    <subfield code="a">Coelho, Paulo</subfield>
    <subfield code="9">2923</subfield>
  </datafield>
  <datafield tag="245" ind1=" " ind2="3">
    <subfield code="a">La quinta monta&#xF1;a /</subfield>
    <subfield code="c">Paulo Coelho</subfield>
  </datafield>
  <datafield tag="250" ind1=" " ind2=" ">
    <subfield code="a">2a ed.</subfield>
    <subfield code="b">Traducci&#xF3;n Monserrat Mira</subfield>
  </datafield>
  <datafield tag="260" ind1=" " ind2=" ">
    <subfield code="a">Buenos Aires:</subfield>
    <subfield code="b">Planeta;</subfield>
    <subfield code="c">2003.</subfield>
  </datafield>
  <datafield tag="300" ind1=" " ind2=" ">
    <subfield code="a">256 p.</subfield>
  </datafield>
  <datafield tag="500" ind1=" " ind2=" ">
    <subfield code="a">Cohelo, P. (2003). La quinta monta&#xF1;a. (2a ed.). Buenos Aires : Planeta.</subfield>
  </datafield>
  <datafield tag="505" ind1=" " ind2=" ">
    <subfield code="a">En un mundo regido por supersticiones, conflictos religiosos y tradiciones profundamente arraigadas, el joven profeta El&#xED;as deber&#xE1; enfrentarse a una avalancha de acontecimientos que le conducir&#xE1;n a un definitivo cara a cara con Dios. Paulo Coelho, el escritor brasile&#xF1;o m&#xE1;s vendido de nuestros d&#xED;as, nos sorprende con una novela tan fascinante como inolvidable. </subfield>
  </datafield>
  <datafield tag="590" ind1=" " ind2=" ">
    <subfield code="a">Proyecto 4to libro. Donaci&#xF3;n Constanzo, Juan Carlos</subfield>
  </datafield>
  <datafield tag="655" ind1=" " ind2=" ">
    <subfield code="a">Narrativa</subfield>
    <subfield code="9">2924</subfield>
  </datafield>
  <datafield tag="942" ind1=" " ind2=" ">
    <subfield code="2">ddc</subfield>
    <subfield code="c">LIT</subfield>
  </datafield>
  <datafield tag="999" ind1=" " ind2=" ">
    <subfield code="c">2413</subfield>
    <subfield code="d">2413</subfield>
  </datafield>
  <datafield tag="952" ind1=" " ind2=" ">
    <subfield code="0">0</subfield>
    <subfield code="1">0</subfield>
    <subfield code="2">ddc</subfield>
    <subfield code="4">0</subfield>
    <subfield code="7">0</subfield>
    <subfield code="a">BFM</subfield>
    <subfield code="b">BFM</subfield>
    <subfield code="c">CR</subfield>
    <subfield code="d">2017-05-29</subfield>
    <subfield code="e">Donaci&#xF3;n Constanzo, Juan Carlos. Mayo 2017</subfield>
    <subfield code="l">9</subfield>
    <subfield code="m">1</subfield>
    <subfield code="o">808.8 13 COE</subfield>
    <subfield code="p">3867</subfield>
    <subfield code="r">2024-04-11</subfield>
    <subfield code="s">2024-03-20</subfield>
    <subfield code="t">Ej.1</subfield>
    <subfield code="w">2017-05-29</subfield>
    <subfield code="y">LIT</subfield>
    <subfield code="z">Proyecto 4to Libro. Donaci&#xF3;n Constanzo, Juan Carlos. Mayo 2017</subfield>
  </datafield>
</record>
